000 00562nam a22001937a 4500
003 BUBTL
008 190702b xxu||||| |||| 00| 0 eng d
020 _a978-984-8936-11-5
082 _a346.02 / HAL
100 _92362
_aHamid, Syed Sarfaraj
245 _aLaw of Contract :
_bTheory & Practice /
_cSyed Sarfaraj Hamid, Md. Siraj Uddin
250 _a1st ed
260 _aDhaka :
_bHira Publication,
_cc2011.
300 _a25, 418 p. :
_c21 cm.
650 0 _926
_aLaw
856 _k0
_l0
_yDownload
942 _2ddc
_cBK
999 _c6086
_d6086